Theory Of Computer Science (Record no. 299104)

MARC details
000 -LEADER
fixed length control field 00354nam a2200157Ia 4500
008 - FIXED-LENGTH DATA ELEMENTS--GENERAL INFORMATION
fixed length control field 230718s9999 xx 000 0 und d
041 ## - LANGUAGE CODE
Language code of text/sound track or separate title eng
082 ## - DEWEY DECIMAL CLASSIFICATION NUMBER
Classification number 004
Item number KUL
100 ## - MAIN ENTRY--PERSONAL NAME
Personal name Kulkarni V.
245 ## - TITLE STATEMENT
Title Theory Of Computer Science
260 ## - PUBLICATION, DISTRIBUTION, ETC. (IMPRINT)
Date of publication, distribution, etc. 1999
Name of publisher, distributor, etc. Technova
300 ## - PHYSICAL DESCRIPTION
Extent 244
365 ## - TRADE PRICE
Currency code Rs.
Price amount 195.00
700 ## - ADDED ENTRY--PERSONAL NAME
Personal name Kulkarni V.
906 ## - LOCAL DATA ELEMENT F, LDF (RLIN)
c COMP
Holdings
Withdrawn status Lost status Damaged status Not for loan Home library Current library Date acquired Vendor Budget Code Cost, normal purchase price Full call number Barcode Date last seen Cost, replacement price Bill Date Koha item type Original Barcode
Withdrawn       Cummins College of Engineering for Women Pune Cummins College of Engineering for Women Pune 10/07/1999 Masurkar Enterprises COMP 195.00 004 CCEP-BK-10310 18/07/2023 195.00 18/07/2023 Books 010310